[Event "Jonquiere Interclubs Saguenay"]
[Site "Jonquiere"]
[Date "1992.01.19"]
[Round "4"]
[White "Belkin, Jurgen"]
[Black "Larouche, Jean Francois"]
[Result "0-1"]
[WhiteElo "1621"]
[BlackElo "1538"]
[PlyCount "82"]
[EventDate "1992.01.18"]
[EventType "team-swiss"]
[EventRounds "4"]
[EventCountry "CAN"]
[SourceTitle "EXT 2022"]
[Source "ChessBase"]
[SourceDate "2021.10.06"]
[SourceVersion "1"]
[SourceVersionDate "2021.10.06"]
[SourceQuality "1"]

1. e4 e6 2. d4 d5 3. Nc3 Bb4 4. e5 c5 5. a3 Bxc3+ 6. bxc3 Ne7 7. Bd3 Nbc6 8. Nf3 c4 9. Be2 b5 10. 0-0 0-0 11. Nh4 Nf5 12. Nxf5 exf5 13. f4 Qb6 14. Be3 f6 15. Rf3 Be6 16. Bf2 Rf7 17. Rh3 Raf8 18. Qd2 fxe5 19. dxe5 Qc7 20. Bf3 Rd8 21. Rd1 Rfd7 22. Qe1 a5 23. Kh1 b4 24. axb4 axb4 25. cxb4 d4 26. b5 Na7 27. Rb1 Rb8 28. Bc6 Rdd8 29. Ra3 Nxc6 30. bxc6 Rxb1 31. Qxb1 Qxc6 32. c3 d3 33. Bd4 Qe4 34. Qb6 Re8 35. Ra7 Qe1+ 36. Bg1 d2 37. Qc7 Qxg1+ 38. Kxg1 d1Q+ 39. Kf2 Qd2+ 40. Kg3 Qe3+ 41. Kh4 Qxf4+ 0-1

[Event "Quebec Carnaval"]
[Site "Quebec"]
[Date "1991.02.09"]
[Round "2"]
[White "Tremblay, Sylvain"]
[Black "Belkin, Jurgen"]
[Result "1-0"]
[WhiteElo "1872"]
[BlackElo "1670"]
[PlyCount "95"]
[EventDate "1991.02.08"]
[EventType "swiss"]
[EventRounds "5"]
[EventCountry "CAN"]
[SourceTitle "EXT 2022"]
[Source "ChessBase"]
[SourceDate "2021.10.06"]
[SourceVersion "1"]
[SourceVersionDate "2021.10.06"]
[SourceQuality "1"]

1. d4 Nf6 2. c4 g6 3. Nc3 Bg7 4. e4 d6 5. Be2 0-0 6. Nf3 Nbd7 7. 0-0 e5 8. Be3 h6 9. h3 Ne8 10. dxe5 dxe5 11. Bc5 c6 12. Bxf8 Kxf8 13. Qd2 Qe7 14. Rad1 Nc5 15. Rfe1 Ne6 16. Bf1 b6 17. a3 a5 18. Na4 Qc7 19. Qe3 c5 20. Nc3 Nd4 21. Nd5 Qd6 22. Nxd4 cxd4 23. Qb3 Rb8 24. Qg3 g5 25. b4 axb4 26. axb4 Be6 27. Qa3 Nf6 28. c5 bxc5 29. bxc5 Qc6 30. Qa7 Re8 31. Nxf6 Bxf6 32. Rb1 Be7 33. Bb5 Qxc5 34. Qxc5 Bxc5 35. Bxe8 Kxe8 36. Rec1 Bd6 37. Kf1 Ke7 38. Rb7+ Kf6 39. Ke2 h5 40. Kd3 Bf8 41. Rc6 Be7 42. g3 g4 43. h4 Bf8 44. Rb8 Be7 45. Rg8 Bb4 46. Rg5 Be1 47. Rxh5 Bxf2 48. Rf5+ 1-0